ბათუმის შოთა რუსთაველის სახელმწიფო უნივერსიტეტის ბიბლიოთეკა

Гидротехнические бетоны. (ბიბ.ჩანაწერი № 40730)

000 -LEADER
fixed length control field 00587nam a2200205Ia 4500
001 - CONTROL NUMBER
control field 7369
003 - CONTROL NUMBER IDENTIFIER
control field GE_BSU
008 - FIXED-LENGTH DATA ELEMENTS--GENERAL INFORMATION
fixed length control field 181216s||||||||xx |||||||||||||| ||und||
040 ## - CATALOGING SOURCE
Transcribing agency GE_BSU
080 ## - UNIVERSAL DECIMAL CLASSIFICATION NUMBER
Universal Decimal Classification number 691.003
100 ## - MAIN ENTRY--PERSONAL NAME
Personal name Гончаров,В.В.
245 ## - TITLE STATEMENT
Title Гидротехнические бетоны.
245 ## - TITLE STATEMENT
Statement of responsibility, etc. Ред. Л.И.Шитова.
260 ## - PUBLICATION, DISTRIBUTION, ETC.
Place of publication, distribution, etc. Киев.
260 ## - PUBLICATION, DISTRIBUTION, ETC.
Name of publisher, distributor, etc. Будiвельник.
260 ## - PUBLICATION, DISTRIBUTION, ETC.
Date of publication, distribution, etc. 1978.
300 ## - PHYSICAL DESCRIPTION
Extent 152стр. с илл. 20см. библиогр.:стр.149-150.
653 ## - INDEX TERM--UNCONTROLLED
Uncontrolled term Гидротехнические бетоны.
942 ## - ADDED ENTRY ELEMENTS (KOHA)
Koha item type წიგნი
ეგზემპლარები
Withdrawn status Lost status Damaged status Not for loan Date acquired Barcode Date last seen Price effective from Koha item type
        2018-12-17 10033 2018-12-17 2018-12-17 წიგნი